IDEAS FOR SUCCESS (Record no. 8469)

MARC details
000 -LEADER
fixed length control field 00315nam a22001337a 4500
005 - DATE AND TIME OF LATEST TRANSACTION
control field 20231124112248.0
008 - FIXED-LENGTH DATA ELEMENTS--GENERAL INFORMATION
fixed length control field 231124b |||||||| |||| 00| 0 eng d
041 ## - LANGUAGE CODE
Language code of text/sound track or separate title eng
100 ## - MAIN ENTRY--AUTHOR NAME
Personal name WADHWA, A.D.
245 ## - TITLE STATEMENT
Title IDEAS FOR SUCCESS
260 ## - PUBLICATION, DISTRIBUTION, ETC. (IMPRINT)
Place of publication RANCHI
Name of publisher MANOHAR LAL SAMRITI
Year of publication 2023
300 ## - PHYSICAL DESCRIPTION
Number of Pages 122;p
942 ## - ADDED ENTRY ELEMENTS (KOHA)
Koha item type Books
Holdings
Lost status Damaged status Collection code Home library Current library Shelving location Date acquired Source of acquisition Cost, normal purchase price Accession Number Koha item type
    Fiction JRU Library JRU Library SHELF-43-B 24/11/2023 DONATION 150.00 0026/D Books
    Fiction JRU Library JRU Library   24/11/2023 DONATION 150.00 0027/D Books